Triassic life of the Connecticut valley, (Record no. 25562)

MARC details
000 -LEADER
fixed length control field 00973cam a22002651 4500
001 - CONTROL NUMBER
control field gs 15000668
003 - CONTROL NUMBER IDENTIFIER
control field DLC
005 - DATE AND TIME OF LATEST TRANSACTION
control field 20260227111318.0
008 - FIXED-LENGTH DATA ELEMENTS--GENERAL INFORMATION
fixed length control field 771012s1915 ctuabf b 000 0 eng c
010 ## - LIBRARY OF CONGRESS CONTROL NUMBER
LC control number gs 15000668
035 ## - SYSTEM CONTROL NUMBER
System control number (OCoLC)3335350
040 ## - CATALOGING SOURCE
Original cataloging agency U. S. Geol. survey. Library
Transcribing agency CtFaU
Modifying agency DLC
042 ## - AUTHENTICATION CODE
Authentication code premarc
050 00 - LIBRARY OF CONGRESS CALL NUMBER
Classification number QE732
Item number .L85
082 ## - DEWEY DECIMAL CLASSIFICATION NUMBER
Classification number 557.46 s
100 1# - MAIN ENTRY--PERSONAL NAME
Personal name Lull, Richard Swann,
Dates associated with a name 1867-1957.
245 10 - TITLE STATEMENT
Title Triassic life of the Connecticut valley,
Statement of responsibility, etc. by Richard Swann Lull.
260 ## - PUBLICATION, DISTRIBUTION, ETC.
Place of publication, distribution, etc. Hartford,
Name of publisher, distributor, etc. Printed for the State geological and natural history survey,
Date of publication, distribution, etc. 1915.
300 ## - PHYSICAL DESCRIPTION
Extent 285 p.
Other physical details illus., XII pl., 3 fold. maps, fold. tab.
Dimensions 23 cm.
490 0# - SERIES STATEMENT
Series statement Connecticut. State Geological and natural history survey. Bulletin
Volume/sequential designation no. 24
500 ## - GENERAL NOTE
General note At head of half-title: State of Connecticut. Public document no. 47.
504 ## - BIBLIOGRAPHY, ETC. NOTE
Bibliography, etc. note Bibliography: p. 265-271.
650 #0 - SUBJECT ADDED ENTRY--TOPICAL TERM
Topical term or geographic name entry element Paleontology
Chronological subdivision Triassic.
650 #0 - SUBJECT ADDED ENTRY--TOPICAL TERM
Topical term or geographic name entry element Paleontology
Geographic subdivision Connecticut.

No items available.

Powered by Koha